01054nam a22001937a 4500020001500000040000600015082001800021100002400039245004800063250001600111260003800127300001400165505046500179650003200644651002600676942001400702999001900716952012500735 a0071007857 c0 a621.38275,KEI aKeiser, Gerd962172 aOptical Fiber Communications /cGerd Keiser a2nd Edition aSingaporebMcGraw Hill Bookc1991 axx, 461 p aOverview of Optical Fiber Communications (Page-1), Optical Fibers Structures, Waveguiding and Fabrication (Page-16), Signal Degradation in Optical Fibers (Page-86), Optical Sources (Page-130), Power Launching and Coupling (Page-196), Photodectors (Page-234), Optical Receiver Operation (Page--267), Digital Transmission Systems (Page-315), Analog Systems (Page-357), Coherent Optical Fiber Communications (Page-376), Advanced Systems and Techniques (Page-399). aFiber Communication9113818 aOptical Fiber9113819 2ddccBKB  c595326d595326 00102ddc4070aMCSbMCScGENd2023-07-26o621.38275,KEIpMCS357r2023-07-26w2023-07-26yBKzAlmirah No.83, Shelf No.4